ბათუმის შოთა რუსთაველის სახელმწიფო უნივერსიტეტის ბიბლიოთეკა

მემკვიდრეობის სამართალი : (ბიბ.ჩანაწერი № 36197)

000 -ლიდერი
ფიქსირებული სიგრძის საკონტროლო ველი 01092nam a2200241Ia 4500
001 - საკონტროლო ნომერი
საკონტროლო ველი 2100
003 - საკონტროლო ნომრის იდენტიფიკატორი
საკონტროლო ველი GE_BSU
005 - ბოლო ოპერაციის თარიღი და დრო
საკონტროლო ველი 20190506162250.0
008 - ფიქსირებული სიგრძის მონაცემთა ელემენტები - ზოგადი ინფორმაცია
ფიქსირებული სიგრძის საკონტროლო ველი 181216s2011||||ge |||||||||||||| ||geo||
020 ## - წიგნის საერთაშორისო სტანდარტული ნომერი
International Standard Book Number 9789941102899
040 ## - კატალოგიზაციის წყარო
Transcribing agency GE_BSU
041 ## - ენის კოდი
Language code of text/sound track or separate title geo
080 ## - უნივერსალური ათობითი კლასიფიკაციის ინდექსი
Universal Decimal Classification number 347.9 შ–75
100 ## - მთავარი ჩანაწერი - პიროვნების სახელი
Personal name შენგელია, რომანი
9 (RLIN) 810
245 ## - ცნობა სათაურის შესახებ
Title მემკვიდრეობის სამართალი :
Remainder of title თეორია და პრაქტიკა /
Statement of responsibility, etc რომან შენგელია, ეკატერინე შენგელია ; რედ. ჯონი ხეცურიანი.
250 ## - გამოცემის ცნობა
Edition statement მე-2 გამოცემა.
300 ## - ფიზიკური აღწერა
Extent 343 გვ.;
Other physical details 21 სმ.
653 ## - INDEX TERM--UNCONTROLLED
Uncontrolled term სამართალი
653 ## - INDEX TERM--UNCONTROLLED
Uncontrolled term მემკვიდრეობის სამართალი
700 ## - ADDED ENTRY--PERSONAL NAME
Personal name შენგელია, ეკატერინე
Relator term ავტორი
9 (RLIN) 811
700 ## - ADDED ENTRY--PERSONAL NAME
Personal name ხეცურიანი, ჯონი,
Dates associated with a name იურისტი,
Relator term რედაქტორი
9 (RLIN) 812
942 ## - ADDED ENTRY ELEMENTS (KOHA)
Koha item type წიგნი
Source of classification or shelving scheme
ეგზემპლარები
ჩამოწერის სტატუსი დაკარგული ეგზემპლარის სტატუსი კლასიფიკაციის წყარო ან თაროზე გაწყობის სქემა დაზიანების სტატუსი არ გაიცემა მუდმივი მდებარეობა (დაცვის ადგილი) ამჟამინდელი ადგილსამყოფელი თაროზე განთავსების ადგილი შეძენის თარიღი ღირებულება, შესყიდვის ნორმალური ფასი სრული შენახვის შიფრი შტრიხკოდი ბოლო ოპერაციის თარიღი ეგზემპლარის მიმდევრობითი ნომერი (კეტერი?) ფასის ძალაში შესვლის თარიღი ეგზემპლარის სახეობა საჯარო შენიშვნა
          ბათუმის შოთა რუსთაველის სახელმწიფო უნივერსიტეტის მთავარი ბიბლიოთეკა ბათუმის შოთა რუსთაველის სახელმწიფო უნივერსიტეტის მთავარი ბიბლიოთეკა წიგნსაცავი 2018-12-17 18.00 347.9 შ–75 4157 2018-12-17 4157 2018-12-17 წიგნი 18 ლ.